Search the Library Catalogue
| 000 -LEADER | |
|---|---|
| fixed length control field | 00741nam a2200169Ia 4500 |
| 008 - FIXED-LENGTH DATA ELEMENTS--GENERAL INFORMATION | |
| fixed length control field | 260225s9999 xx 000 0 und d |
| 020 ## - INTERNATIONAL STANDARD BOOK NUMBER | |
| ISBN | 9780415378024 |
| 082 ## - DEWEY DECIMAL CLASSIFICATION NUMBER | |
| Classification number | 338.74 |
| Item number | HAN |
| 100 ## - MAIN ENTRY--AUTHOR NAME | |
| Personal name | Hannah, Leslie |
| 245 #0 - TITLE STATEMENT | |
| Title | The Rise of the Corporate Economy / |
| Statement of responsibility, etc | Hannah, Leslie |
| 260 ## - PUBLICATION, DISTRIBUTION, ETC. (IMPRINT) | |
| Name of publisher | Taylor & Francis, |
| Year of publication | 2005 |
| 300 ## - PHYSICAL DESCRIPTION | |
| Number of Pages | 268 pages |
| 520 ## - SUMMARY, ETC. | |
| Summary, etc | Looks at the story of how large corporations have superseded the small competing firms of the nineteenth century. Students of business, economic history and industrial economics will find this book a useful contribution to the debate on the evolution and control of the corporate manufacturing sector. |
| 650 ## - SUBJECT ADDED ENTRY--TOPICAL TERM | |
| Topical Term | Business & Economics |
| 942 ## - ADDED ENTRY ELEMENTS (KOHA) | |
| Koha item type | English Books |
| Withdrawn status | Lost status | Damaged status | Not for loan | Home library | Current library | Shelving location | Date acquired | Full call number | Accession Number | Price effective from | Koha item type |
|---|---|---|---|---|---|---|---|---|---|---|---|
| Anna Centenary Library | Anna Centenary Library | 4TH FLOOR, A WING | 25.02.2026 | 338.74 HAN | 146013 | 25.02.2026 | English Books |